Loading...
Herzog/
| Main Author: | |
|---|---|
| Format: | Printed Book |
| Language: | English |
| Published: |
Ljubljana:
Mladinska Knjiga,
1969
|
| LEADER | 00506nam a22001577a 4500 | ||
|---|---|---|---|
| 003 | OSt | ||
| 005 | 20200624134517.0 | ||
| 008 | 151001b xxu||||| |||| 00| 0 eng d | ||
| 082 | |a 813.52B1 HER | ||
| 100 | |a Bellow, Saul | ||
| 245 | |a Herzog/ |c Saul Bellow | ||
| 260 | |a Ljubljana: |b Mladinska Knjiga, |c 1969 | ||
| 300 | |a 341p. | ||
| 942 | |2 ddc |c BK | ||
| 999 | |c 322497 |d 322497 | ||
| 952 | |0 0 |1 0 |2 ddc |4 0 |6 813_520000000000000_B1_HER |7 0 |9 368949 |a CSC |b CSC |c ST1 |d 2015-10-01 |i 1320 |l 0 |o 813.52 B1 HER |p CSC1320 |r 2015-10-01 |w 2015-10-01 |y BK | ||